000
00286nam a22001337a 4500
008
260424b ||||| |||| 00| 0 eng d
020
_a
9759951410229
041
_a
eng
080
_a
321.01
100
_a
34
101
_a
Politik
245
_a
Rugova
_c
Vehbi Miftari
942
_2
udc
_c
BK
999
_c
60993
_d
60993